Statistiques concernant Bucarest - Culture générale

Cliquez ici pour prendre le quiz!

Statistiques générales

  • Ce quiz a été pris 74 fois
  • Le résultat moyen est 8 sur 15

Statistiques - réponses

InformationRéponse% Correct
Religion majoritairement pratiquée iciOrthodoxe
88%
Fleuve dans lequel se jette la rivière bucarestoise DâmbovițaDanube
87%
Surnom donné à la villeParis de l'{est}
87%
Monument qui honore l'indépendance roumaineArc de {Triomphe}
82%
Empire qui occupa longtemps la ville et mena un massacre à Bucarest en 1821Ottomans
75%
Dictateur communiste qui y siégea jusqu'en 1989Nicolae Ceausescu
60%
Nom de la ville en roumainBucurești
55%
Empereur sanglant qui a assigné résidence au palais Curtea VecheVlad III
55%
Club de football champion de la ligue des champions 1986Steaua Bucarest
48%
Émotion traduite du mot bucur qui à donné le nom BucarestJoie
39%
Compositeur des musiques de La Boum ou L'as des asVladimir Cosma
34%
Bâtiment administratif, le 2ème plus vaste du mondePalais du {Parlement}
27%
Région historique dont Bucarest fut la capitaleValachie
24%
Type d'architecture communiste de ce bâtimentStalinien
19%
Ville qui prit le statut de capitale à Bucarest pendant la 1ère guerre mondialeIași
15%

Distribution des résultats

Percentile par nombre de réponses

% des personnes avec chaque résultat

Votre développement - résultats

Vous n’avez pas pris ce quiz